[Event "FICGS W-ch st1 g10 email"]
[Site "FICGS email"]
[Date "2014.11.01"]
[Round "1"]
[White "Payzansky, Aleksey"]
[Black "Altieri, Carlo"]
[Result "1/2-1/2"]
[WhiteElo "1785"]
[BlackElo "1996"]
[PlyCount "46"]
[EventDate "2014.??.??"]
[EventType "tourn (corr)"]
[EventRounds "8"]
[SourceTitle "Corr 2022"]
[Source "ChessBase"]
[SourceDate "2021.10.24"]
[SourceVersion "1"]
[SourceVersionDate "2021.10.24"]
[SourceQuality "1"]

1. e4 c5 2. Nf3 d6 3. d4 cxd4 4. Nxd4 Nf6 5. Nc3 a6 6. Be3 e5 7. Nb3 Be6 8. f3 h5 9. Be2 Nbd7 10. Nd5 Bxd5 11. exd5 g6 12. Qd2 Bg7 13. 0-0 b6 14. a4 0-0 15. c4 Nc5 16. Qc2 Rb8 17. Nd2 a5 18. Bg5 Qd7 19. Ra3 Nh7 20. Be3 f5 21. Nb3 Nf6 22. Qd2 Qc7 23. Re1 Nfd7 1/2-1/2

[Event "FICGS rapid A 000161 email"]
[Site "FICGS email"]
[Date "2014.05.27"]
[Round "1"]
[White "Altieri, Carlo"]
[Black "Delaney, Alan"]
[Result "1/2-1/2"]
[WhiteElo "1975"]
[BlackElo "2053"]
[PlyCount "51"]
[EventDate "2014.??.??"]
[EventType "tourn (rapid)"]
[EventRounds "6"]
[SourceTitle "Corr 2022"]
[Source "ChessBase"]
[SourceDate "2021.10.24"]
[SourceVersion "1"]
[SourceVersionDate "2021.10.24"]
[SourceQuality "1"]

1. e4 d6 2. Nf3 Nf6 3. Nc3 e5 4. d4 Nbd7 5. Bc4 Be7 6. 0-0 0-0 7. Re1 c6 8. a4 a5 9. Ba2 exd4 10. Nxd4 Nc5 11. f3 Be6 12. Bf4 Bxa2 13. Nf5 Re8 14. Rxa2 d5 15. exd5 Nxd5 16. Nxd5 cxd5 17. Be3 Bf8 18. c3 Re5 19. Nd4 Qe7 20. Bf2 Rxe1+ 21. Bxe1 Nd3 22. Qxd3 Qxe1+ 23. Qf1 Qe3+ 24. Qf2 Qc1+ 25. Qf1 Qe3+ 26. Qf2 1/2-1/2

[Event "FICGS rapid A 000161 email"]
[Site "FICGS email"]
[Date "2014.05.27"]
[Round "1"]
[White "Altieri, Carlo"]
[Black "Salonen, Jukka"]
[Result "1-0"]
[WhiteElo "1975"]
[BlackElo "1963"]
[PlyCount "117"]
[EventDate "2014.??.??"]
[EventType "tourn (rapid)"]
[EventRounds "6"]
[SourceTitle "Corr 2022"]
[Source "ChessBase"]
[SourceDate "2021.10.24"]
[SourceVersion "1"]
[SourceVersionDate "2021.10.24"]
[SourceQuality "1"]

1. e4 c5 2. Ne2 Nf6 3. Nbc3 d6 4. d4 cxd4 5. Nxd4 a6 6. Be3 e5 7. Nb3 Be6 8. a3 Be7 9. f3 0-0 10. Qd2 Nbd7 11. 0-0-0 b5 12. g4 Qc7 13. g5 Nh5 14. Nd5 Bxd5 15. exd5 Nb6 16. Kb1 Rab8 17. Na5 Nxd5 18. Qxd5 Qxa5 19. Bc4 Qd8 20. Ba2 Bxg5 21. Bxg5 Qxg5 22. Qxd6 Qf6 23. Qxf6 Nxf6 24. Rd6 a5 25. Rg1 Kh8 26. Ra6 Ra8 27. Rxa8 Rxa8 28. Re1 Re8 29. Bxf7 Re7 30. Bb3 g6 31. c3 Kg7 32. Bc2 Nd5 33. Bd3 Nf4 34. Bxb5 Kf6 35. Rd1 Rb7 36. a4 Ke7 37. b3 h5 38. Kb2 g5 39. b4 axb4 40. cxb4 Ne6 41. Rd5 Kf6 42. Kc3 g4 43. fxg4 hxg4 44. a5 e4 45. Bd7 Rc7+ 46. Kd2 Nd4 47. Bxg4 Rc2+ 48. Ke3 Nc6 49. Rf5+ Ke7 50. Rc5 Rxc5 51. bxc5 Nxa5 52. h4 Nc6 53. h5 Kf6 54. Bd7 Ne5 55. Bb5 Kf5 56. Kd4 Kf6 57. Kxe4 Nf7 58. Kd5 Nd8 59. Bd3 1-0

[Event "FICGS rapid A 000161 email"]
[Site "FICGS email"]
[Date "2014.05.27"]
[Round "1"]
[White "Cesbron, Guy"]
[Black "Altieri, Carlo"]
[Result "1/2-1/2"]
[WhiteElo "1903"]
[BlackElo "1975"]
[PlyCount "42"]
[EventDate "2014.??.??"]
[EventType "tourn (rapid)"]
[EventRounds "6"]
[SourceTitle "Corr 2022"]
[Source "ChessBase"]
[SourceDate "2021.10.24"]
[SourceVersion "1"]
[SourceVersionDate "2021.10.24"]
[SourceQuality "1"]

1. e4 c6 2. d4 d5 3. Nd2 dxe4 4. Nxe4 Nd7 5. Ng5 Ngf6 6. Bd3 e6 7. N1f3 Bd6 8. Qe2 h6 9. Ne4 Nxe4 10. Qxe4 Qc7 11. Qg4 Kf8 12. 0-0 c5 13. Re1 b6 14. b3 Nf6 15. Qh4 Bb7 16. Ne5 cxd4 17. Qxd4 Qc5 18. Bb2 Qxd4 19. Bxd4 Ke7 20. f4 Rhd8 21. f5 Bb4 1/2-1/2

[Event "FICGS rapid A 000161 email"]
[Site "FICGS email"]
[Date "2014.05.27"]
[Round "1"]
[White "Munoz Portugal, Guillermo"]
[Black "Altieri, Carlo"]
[Result "1/2-1/2"]
[WhiteElo "1971"]
[BlackElo "1975"]
[PlyCount "91"]
[EventDate "2014.??.??"]
[EventType "tourn (rapid)"]
[EventRounds "6"]
[SourceTitle "Corr 2022"]
[Source "ChessBase"]
[SourceDate "2021.10.24"]
[SourceVersion "1"]
[SourceVersionDate "2021.10.24"]
[SourceQuality "1"]

1. d4 d5 2. c4 c6 3. Nf3 e6 4. e3 Bd6 5. Nbd2 f5 6. c5 Bc7 7. b4 Nf6 8. Bd3 a5 9. b5 cxb5 10. Bxb5+ Nc6 11. Bb2 0-0 12. 0-0 Bd7 13. Qa4 Qe8 14. g3 Ne4 15. Rad1 Rf7 16. Rb1 Rb8 17. Ba1 b6 18. cxb6 Rxb6 19. Rfc1 h6 20. Kg2 Kh7 21. a3 g5 22. Qd1 g4 23. Ne1 Bd6 24. Be2 Rxb1 25. Rxb1 Ng5 26. Qa4 Qf8 27. Bb2 Ne4 28. Rd1 Be8 29. Bb5 Rb7 30. Nxe4 fxe4 31. Bc3 Rb6 32. Ra1 Bd7 33. Be2 h5 34. Kg1 Qc8 35. Qd1 a4 36. Qxa4 Nd8 37. Qa5 Rb8 38. Bd2 Qb7 39. Qa6 Qxa6 40. Bxa6 e5 41. Bc3 exd4 42. Bxd4 Ba4 43. Bc3 Nc6 44. Be2 Kg6 45. Bd1 Ra8 46. Ng2 1/2-1/2

[Event "FICGS W-ch st1 g12 email"]
[Site "FICGS email"]
[Date "2014.03.03"]
[Round "1"]
[White "Altieri, Carlo"]
[Black "Kirali, Hasan"]
[Result "1/2-1/2"]
[WhiteElo "1981"]
[BlackElo "1795"]
[PlyCount "75"]
[EventDate "2014.??.??"]
[EventType "tourn (corr)"]
[EventRounds "8"]
[SourceTitle "Corr 2022"]
[Source "ChessBase"]
[SourceDate "2021.10.24"]
[SourceVersion "1"]
[SourceVersionDate "2021.10.24"]
[SourceQuality "1"]

1. e4 c5 2. Nf3 d6 3. d4 cxd4 4. Nxd4 Nf6 5. Bd3 Nc6 6. Be3 e5 7. Nxc6 bxc6 8. 0-0 Be7 9. c4 0-0 10. Qe2 Be6 11. Nc3 Nd7 12. Bc2 Rb8 13. Rab1 Qa5 14. Rfd1 Nf6 15. f3 Rfd8 16. a3 h6 17. Na4 Qa6 18. b3 Rb7 19. Bd3 Qa5 20. Qc2 Rbd7 21. b4 Qc7 22. Rbc1 Nh5 23. c5 d5 24. exd5 Rxd5 25. Nc3 R5d7 26. Bh7+ Kf8 27. Rxd7 Bxd7 28. Bd3 Be6 29. Kh1 Nf4 30. Be4 Kg8 31. g3 Nh3 32. Qa4 Rc8 33. b5 Bxc5 34. Bxc5 cxb5 35. Nxb5 Qd7 36. Qb4 f5 37. Nd6 Qxd6 38. Bxd6 1/2-1/2

[Event "FICGS rapid B 000215 email"]
[Site "FICGS email"]
[Date "2014.02.28"]
[Round "1"]
[White "Hilbert, Stephan"]
[Black "Altieri, Carlo"]
[Result "0-1"]
[WhiteElo "1713"]
[BlackElo "1897"]
[PlyCount "36"]
[EventDate "2014.??.??"]
[EventType "tourn (rapid)"]
[EventRounds "6"]
[SourceTitle "Corr 2022"]
[Source "ChessBase"]
[SourceDate "2021.10.24"]
[SourceVersion "1"]
[SourceVersionDate "2021.10.24"]
[SourceQuality "1"]

1. e4 e5 2. d4 exd4 3. c3 dxc3 4. Bc4 cxb2 5. Bxb2 Bb4+ 6. Kf1 Nf6 7. e5 d5 8. Bb5+ Nfd7 9. a3 Bc5 10. Qh5 0-0 11. Bd3 h6 12. Nf3 Bb6 13. Nh4 Nc5 14. Bf5 Ne4 15. e6 Qg5 16. exf7+ Rxf7 17. Qf3 Bxf5 18. Nxf5 Rxf5 0-1

[Event "FICGS rapid B 000215 email"]
[Site "FICGS email"]
[Date "2014.02.28"]
[Round "1"]
[White "Sternik, Ryszard"]
[Black "Altieri, Carlo"]
[Result "1/2-1/2"]
[WhiteElo "1818"]
[BlackElo "1897"]
[PlyCount "69"]
[EventDate "2014.??.??"]
[EventType "tourn (rapid)"]
[EventRounds "6"]
[SourceTitle "Corr 2022"]
[Source "ChessBase"]
[SourceDate "2021.10.24"]
[SourceVersion "1"]
[SourceVersionDate "2021.10.24"]
[SourceQuality "1"]

1. e4 e5 2. Nf3 Nc6 3. Bc4 Bc5 4. 0-0 d6 5. c3 Nf6 6. d4 Bb6 7. dxe5 Nxe5 8. Nxe5 dxe5 9. Qxd8+ Kxd8 10. Nd2 Ke7 11. a4 a5 12. Bd3 Rd8 13. Bc2 Be6 14. Nf3 Nd7 15. Rd1 Nc5 16. Be3 f6 17. h3 Kf7 18. Rd2 Rxd2 19. Nxd2 Rd8 20. Rd1 Rd6 21. Bxc5 Bxc5 22. Nb3 Bb6 23. Rxd6 cxd6 24. g4 h5 25. gxh5 Bxh3 26. Nd2 Be6 27. Kf1 Ke7 28. Bd3 d5 29. exd5 Bxd5 30. Nc4 Bd8 31. Ne3 Bb3 32. Be4 b6 33. Bc2 Bf7 34. Nf5+ Kf8 35. Ng3 1/2-1/2